1000より大きいものを選ぶ-サドンデス- - Statistics

General Stats
  • This quiz has been taken 110 times
    3 since last reset
  • The average score is 5 of 9
Answers on the Grid
Answers color-coded by a green-red scale on the quiz's grid according to % correct below.
日本にある市区町村数(個)
アメリカにある空港の数[日本:97](個)
日本にある島の数(個)
東京福岡間(km)
東京札幌間(km)
琵琶湖面積(㎢)
歌志内市人口(人)
地球から肉眼で観測できる(=六等星以上の)恒星の数(個)
ヒトの骨(本)
小学校で習う漢字の数(個)
アニメONE PIECE話数(話)
日本にある大学の数(個)
ハリセンボンの棘の数(本)
千手観音の腕の数(本)
京都に都があった期間(年)
鶴の寿命(年)
タイタニック生還者数[母数:2224人](人)
千海里(km)
1000ポンド(kg)
1000マイル(km)
 
Answer Stats
Answer % Correct
日本にある島の数(個)
100%
日本にある市区町村数(個)
50%
歌志内市人口(人)
50%
地球から肉眼で観測できる(=六等星以上の)恒星の数(個)
50%
小学校で習う漢字の数(個)
50%
京都に都があった期間(年)
50%
1000マイル(km)
50%
千海里(km)
50%
アニメONE PIECE話数(話)
0%
No matching quizzes found
Score Distribution
Percent of People with Each Score
Percentile by Number Answered
Your Score History
You have not taken this quiz since the last reset